Cricket World Cup 2016 india team - Statistics

General Stats
  • This quiz has been taken 472 times
  • The average score is 8 of 15
Answer Stats
Hint Answer % Correct
opener#1 rohit sharma
93%
captain ms dhoni
92%
highest runsgetter virat kohli
89%
6 sixes in an over yuvraj singh
84%
electric fielder ravindra jadeja
69%
malinga of india jasprit bumrah
68%
lefthand batsmen from up suresh raina
62%
newstar from baroda hardik pandya
61%
turbanetor harbhajan singh
50%
batsmen from Mumbai ajinkya rahane
39%
oldest player in team ashish nehra
39%
star spinner ravi ashwin
31%
a best comeback , from west bengal Mohammed shami
16%
new star with ipl auction prize of8 crores pawan negi
10%
opener#2 shikkar dhawan
2%
No matching quizzes found
Score Distribution
Percent of People with Each Score
Percentile by Number Answered
Your Score History
You have not taken this quiz